Vol. 3 Núm. 1 (2016): Revie - Revista de Investigación y Evaluación Educativa (Record no. 12513)
[ view plain ]
| 000 -LEADER | |
|---|---|
| campo de control de longitud fija | 00978nam a22001937a 4500 |
| 003 - IDENTIFICADOR DE NÚMERO DE CONTROL | |
| campo de control | OSt |
| 005 - FECHA Y HORA DE LA ÚLTIMA TRANSACCIÓN | |
| campo de control | 20250228113822.0 |
| 008 - DATOS DE LONGITUD FIJA--INFORMACIÓN GENERAL | |
| campo de control de longitud fija | 250228b2016 dr a|||| ip||o00| 0 spa d |
| 022 ## - NÚMERO INTERNACIONAL NORMALIZADO PARA PUBLICACIONES SERIADAS | |
| Fuente | ONLINE: 2409-1553 |
| 040 ## - FUENTE DE CATALOGACIÓN | |
| Centro catalogador/agencia de origen | CGID0033 |
| Lengua de catalogación | spa |
| Centro/agencia transcriptor | CGID0033 |
| Normas de descripción | rda |
| 245 ## - MENCIÓN DEL TÍTULO | |
| Título | Vol. 3 Núm. 1 (2016): Revie - Revista de Investigación y Evaluación Educativa |
| Mención de responsabilidad, etc. | Instituto Dominicano de Evaluación e Investigación de la Calidad Educativa (IDEICE) |
| 260 ## - PUBLICACIÓN, DISTRIBUCIÓN, ETC. | |
| Lugar de publicación, distribución, etc. | Santo Domingo : |
| Nombre del editor, distribuidor, etc. | Instituto Dominicano de Evaluación e Investigación de la Calidad Educativa (IDEICE) |
| Fecha de publicación, distribución, etc. | 2016 |
| 650 ## - PUNTO DE ACCESO ADICIONAL DE MATERIA--TÉRMINO DE MATERIA | |
| Término de materia o nombre geográfico como elemento de entrada | 1- Tasa de retorno de la educación - República Dominicana 2- política de educación secundaria 3- deserción escolar - República Dominicana |
| 700 ## - ENTRADA AGREGADA--NOMBRE PERSONAL | |
| Nombre de persona | Boanerges Dominguez Ruíz, Carmen García, Evalina Gómez |
| 700 ## - ENTRADA AGREGADA--NOMBRE PERSONAL | |
| Nombre de persona | Oscar Amargós |
| 700 ## - ENTRADA AGREGADA--NOMBRE PERSONAL | |
| Nombre de persona | Renato R. González, Felipe A. Llaugel |
| 856 ## - LOCALIZACIÓN Y ACCESO ELECTRÓNICOS | |
| Identificador Uniforme de Recurso | <a href="https://revie.gob.do/index.php/revie/issue/view/13">https://revie.gob.do/index.php/revie/issue/view/13</a> |
| 942 ## - ELEMENTOS DE ENTRADA SECUNDARIOS (KOHA) | |
| Fuente de la clasificación o esquema de estantería | Clasificación Decimal Dewey |
| Tipo de ítem Koha | Revistas |
| Edición | Vol. 3 Núm. 1 |
| Suprimir en OPAC | No |
| Estatus retirado | Estado de pérdida | Fuente de la clasificación o esquema de estantería | Estado de daño | No para préstamo | Biblioteca de origen | Biblioteca actual | Fecha de adquisición | Total de préstamos | Visto por última vez | Identificador uniforme de recursos | Precio de reemplazo | Tipo de ítem Koha |
|---|---|---|---|---|---|---|---|---|---|---|---|---|
| Clasificación Decimal Dewey | Repositorio IDEICE | Repositorio IDEICE | 28/02/2025 | 28/02/2025 | https://revie.gob.do/index.php/revie/issue/view/13 | 28/02/2025 | Revistas |